1645 1481 1114 1753 1024 1572 1211 1297 1947 1423 1166 1213 1709 1222 1263 1632 1322 1121 1095 1023 1083 1771 1028 1865 1976 1840 1028 1017 1846 1349 1127 1017 1094 1887 1012 1310 1505 1390 1150 1508 1543 1266 1401 1309 1524 1356 1640 1100 1511 1925 1897 1619 1317 1936 1265 1592 1792 1380 1143 1440 1347 1318 1169 1722 1406 1204 1882 1705 1834 1665 1082 1907 1116 1067 1976 1927 1303 1310 1664 1154 1678 1373 1182 1757 1717 1113 1679 1673 1306 1054 1247 1604 1226 1023 1945 1960 1536 1181 1410 BCNSPRNW ULIB Ver.6.0+V

เปลี่ยนเป็นภาษาไทย

Change to English
 แสดงรายละเอียดบรรณานุกรม
  กลับหน้าหลัก

Brief Record : Get Marc (ISO 2709) : E-mail record : QR code < ปิดหน้าต่าง
LEADER : 00000nam a2200000 a 4500
001    13399126995
003     ULIB
008    190116s2561 th 001 0 tha d
020    ^a9786164261655
040    ^abrv
050  4 ^aHA35^bป533ส
100 0  ^aปัทมา สุพรรณกุล
245 10 ^aสถิติประยุกต์สำหรับงานวิจัยด้านสาธารณสุข /^cปัทมา สุพรรณกุล
250    ^aพิมพ์ครั้งที่ 1
260    ^aพิษณุโลก :^bสำนักพิมพ์มหาวิทยาลัยนเรศวร,^c2561
300    ^a238 หน้า :^bภาพประกอบ ;^c26 ซม.
504    ^aมีบรรณานุกรมและดัชนี
650  4 ^aคณิตศาสตร์สถิติ
650  4 ^aสถิติวิเคราะห์
650  4 ^aสถิติศาสตร์
650  4 ^aสาธารณสุข^xวิจัย
945    ^p280^l0^i27799
945    ^p280^l0^i27801
945    ^p280^l0^i27802
945    ^p280^l0^i27803
945    ^p280^l0^i27800
945    ^p280^l0^i28007
945    ^p280^l0^i28008
945    ^p280^l0^i28009
945    ^p280^l0^i28010
945    ^p280^l0^i28011
995    ^aัณชพร จุลอักษร
999    ^aกัณชพร จุลอักษร
รายการนี้ยังไม่มีแท็ก
คุณยังไม่ได้ล็อกอิน คุณสามารถมีกิจกรรมร่วมกับเว็บไซต์ได้ แต่ต้องล็อกอินก่อน ::
  ล็อกอิน

รายการสื่อสารสนเทศ

ลำดับที่ ประเภท เลขเรียก/บาร์โค้ด สถานที่ สถานะ
1. หนังสือสำรอง
หนังสือสำรอง
HA35 ป533ส ฉ.1 
  Barcode: 27799
ห้องสมุดวิทยาเขตนครสวรรค์
►หนังสือทั่วไป:l:General Books
บนชั้น
2. วิทยาศาสตร์การแพทย์ และสุขภาพ
วิทยาศาสตร์การแพทย์ และสุขภาพ
HA35 ป533ส ฉ.10 
  Barcode: 28011
ห้องสมุดวิทยาเขตนครสวรรค์
►หนังสือทั่วไป:l:General Books
บนชั้น
3. วิทยาศาสตร์การแพทย์ และสุขภาพ
วิทยาศาสตร์การแพทย์ และสุขภาพ
HA35 ป533ส ฉ.2 
  Barcode: 27800
ห้องสมุดวิทยาเขตนครสวรรค์
►หนังสือทั่วไป:l:General Books
บนชั้น
4. วิทยาศาสตร์การแพทย์ และสุขภาพ
วิทยาศาสตร์การแพทย์ และสุขภาพ
HA35 ป533ส ฉ.3 
  Barcode: 27801
ห้องสมุดวิทยาเขตนครสวรรค์
►หนังสือทั่วไป:l:General Books
บนชั้น
5. วิทยาศาสตร์การแพทย์ และสุขภาพ
วิทยาศาสตร์การแพทย์ และสุขภาพ
HA35 ป533ส ฉ.4 
  Barcode: 27802
ห้องสมุดวิทยาเขตนครสวรรค์
►หนังสือทั่วไป:l:General Books
บนชั้น
6. วิทยาศาสตร์การแพทย์ และสุขภาพ
วิทยาศาสตร์การแพทย์ และสุขภาพ
HA35 ป533ส ฉ.5 
  Barcode: 27803
ห้องสมุดวิทยาเขตนครสวรรค์
►หนังสือทั่วไป:l:General Books
บนชั้น
7. วิทยาศาสตร์การแพทย์ และสุขภาพ
วิทยาศาสตร์การแพทย์ และสุขภาพ
HA35 ป533ส ฉ.6 
  Barcode: 28007
ห้องสมุดวิทยาเขตนครสวรรค์
►หนังสือทั่วไป:l:General Books
บนชั้น
8. วิทยาศาสตร์การแพทย์ และสุขภาพ
วิทยาศาสตร์การแพทย์ และสุขภาพ
HA35 ป533ส ฉ.7 
  Barcode: 28008
ห้องสมุดวิทยาเขตนครสวรรค์
►หนังสือทั่วไป:l:General Books
บนชั้น
9. วิทยาศาสตร์การแพทย์ และสุขภาพ
วิทยาศาสตร์การแพทย์ และสุขภาพ
HA35 ป533ส ฉ.8 
  Barcode: 28009
ห้องสมุดวิทยาเขตนครสวรรค์
►หนังสือทั่วไป:l:General Books
บนชั้น
10. วิทยาศาสตร์การแพทย์ และสุขภาพ
วิทยาศาสตร์การแพทย์ และสุขภาพ
HA35 ป533ส ฉ.9 
  Barcode: 28010
ห้องสมุดวิทยาเขตนครสวรรค์
►หนังสือทั่วไป:l:General Books
บนชั้น

รายการใกล้เคียง
    ผู้แต่ง [ปัทมา สุพรรณกุล]

    หัวเรื่อง [คณิตศาสตร์สถิติ]
    หัวเรื่อง [สถิติวิเคราะห์]
    หัวเรื่อง [สถิติศาสตร์]
    หัวเรื่อง [สาธารณสุข วิจัย]

BibComment


ยังไม่เคยถูกคอมเมนท์

คอมเมนท์ทรัพยากรรายการนี้
  คอมเมนท์: สถิติประยุกต์สำห..


 Copyright 2026. Bcnsprnw @Library